000
002780000a22000970004500
100
1
_a
Brepohl, Dieter
245
1
0
_a
Missions in the Latin American university
300
_a
Vol. 78, Num. 3 (Julio-Septiembre,1988), Páginas 12-15
773
0
_t
Latin America Evangelist
942
_c
ANA
999
_c
55134
_d
55134